ANIMALS AND DISEASE AN INTRODUCTION TO THE HISTORY OF COMPARATIVE MEDICINE (Record no. 16899)

MARC details
000 -LEADER
fixed length control field 00495nam a22001817a 4500
003 - CONTROL NUMBER IDENTIFIER
control field OSt
005 - DATE AND TIME OF LATEST TRANSACTION
control field 20211105103641.0
008 - FIXED-LENGTH DATA ELEMENTS--GENERAL INFORMATION
fixed length control field 211105b |||||||| |||| 00| 0 eng d
020 ## - INTERNATIONAL STANDARD BOOK NUMBER
International Standard Book Number 0541375738
040 ## - CATALOGING SOURCE
Transcribing agency HAWASSA UNIVERSITY
050 ## - LIBRARY OF CONGRESS CALL NUMBER
Classification number 636.089/WIL
Item number 3
082 ## - DEWEY DECIMAL CLASSIFICATION NUMBER
Classification number 636.089/WIL
Item number 3
100 ## - MAIN ENTRY--PERSONAL NAME
Personal name WILKINSON LISE
9 (RLIN) 17060
245 ## - TITLE STATEMENT
Title ANIMALS AND DISEASE AN INTRODUCTION TO THE HISTORY OF COMPARATIVE MEDICINE
260 ## - PUBLICATION, DISTRIBUTION, ETC.
Place of publication, distribution, etc. NEW YORK
Name of publisher, distributor, etc. PORT
Date of publication, distribution, etc. 1992
300 ## - PHYSICAL DESCRIPTION
Extent X/274
942 ## - ADDED ENTRY ELEMENTS (KOHA)
Source of classification or shelving scheme Dewey Decimal Classification
Koha item type Books like text book referance book
Suppress in OPAC No
Holdings
Withdrawn status Lost status Source of classification or shelving scheme Damaged status Not for loan Home library Current library Date acquired Total Checkouts Full call number Barcode Date last seen Copy number Price effective from Koha item type
    Dewey Decimal Classification     College of Agriculture Library College of Agriculture Library 11/05/2021   636.089/WIL ALIB0008055 11/05/2021 1 11/05/2021 Books like text book referance book
    Dewey Decimal Classification     College of Agriculture Library College of Agriculture Library 11/05/2021   636.089/WIL ALIB0008053 11/05/2021 3 11/05/2021 Books like text book referance book
    Dewey Decimal Classification     College of Agriculture Library College of Agriculture Library 11/05/2021   636.089/WIL ALIB0012876 11/05/2021 2 11/05/2021 Books like text book referance book